000 00729nam a2200217Ii 4500
003 JO-AjNU
008 230605s9999||||xx |||||||||||||| ||und||
017 _a1994/2/188
040 _aJO-AjNU
_bara
_erda
_cJO-AjNU
041 _aara
050 1 4 _aHD2892.25.U44622.1994
100 3 _aالعموش، ابراهيم,
_eauthor
_946858
245 0 0 _aشرح قانون الشركات الاردني:دراسة فقهية قضائية تحليلية ناقدة
250 _aط1
264 3 1 _aعمان:د.ت،1994
300 _a138ص
336 _atext
_btxt
_2rdacontent
337 _aunmediated
_bn
_2rdamedia
338 _avolume
_bnc
_2rdacarrier
650 4 _aالشركات-قوانين وتشريعات -الاردن
_946859
999 _aA20415
_c23983
_d23983